000
00320nam a2200145Ia 4500
008
200601s9999 xx 000 0 und d
020
_a
0-525-03467-6
050
_a
FIC Ab1g
050
_b
1980
100
_a
Abbey, Edward
245
0
_a
Good News /
260
_a
New York :
260
_c
1980
300
_a
242 pages :
999
_c
363452
_d
363452